000 00370pab a2200133 454500
008 180718b1990 xxu||||| |||| 00| 0 eng d
245 _aSpecial issue on reserved futures
_bA symposium on the policy of positive discrimination
260 _c1990
300 _a12-74
362 _aNov.
650 _aReservation - Employment - India
773 _aSeminar
909 _a17757
999 _c17757
_d17757